000 003260000a22001450004500
003 MACL
040 _aMACL
090 _c8926
_d8925
100 _aSingh, C Praveen
245 _aE-Libraries in Computer Age
260 _bAlfa Publication
_c2008
350 _a720
650 _aLibrary & Information Science
942 _cBOOK
_k020
999 _c8871
_d8871